000 06313cam a22018854i 4500
003 PE-LiUPU
005 20250813165942.0
008 150706s2011 pe a r 000 0 spa d
020 _a6124602172
020 _a9786124602177
035 _a(Sirsi) i9786124602177
040 _aPE-LiUPU
_bspa
_cPE-LiUPU
_dPE-LiUPU
_erda
049 _aPRUA
082 0 4 _a657.0218
_bA93
_221
082 0 4 _a657.0218
_bA93 2011
100 1 _aAyala Zavala, Pascual,
_eautor.
245 1 0 _aAplicación práctica de las normas internacionales de información financiera (NIIF, NIC, CINIIF y SIC) :
_banálisis y comentarios /
_cPascual Ayala Zavala.
250 _aPrimera edición.
264 1 _aLima :
_bInstituto Pacífico,
_c2011.
300 _a759 páginas :
_bilustraciones ;
_c31 centímetros
300 _a1 CD-ROM
336 _atext
_2rdacontent
337 _aunmediated
_2rdamedia
338 _avolume
_2rdacarrier
505 0 _aPresentación de estados financieros -- Inventarios -- Estados de flujos efectivo -- Políticas contables, Cambios en las Estimaciones Contables y Errores -- Hechos ocourridos después del Periodo sobre el que se informa -- Contratos de construcción -- Impuesto a las ganancias -- Propiedades, Planta y Equipo -- Arrendamientos -- Ingresos de Actividades ordinarias -- Beneficios a los empleados -- Contabilización de las subvenciones del Bobierno e información a Revelar sobre ayudas gubernamentales -- Efectos de las variaciones en las tasas de cambio de la moneda extranjera -- Costos por préstamos -- Información a revelar sobre partes relacionadas -- Contabilización e información financera sobre planes de beneficio por retiro -- Estados financieros Consolidados y separados -- Inversiones en asociadas -- Información financiera en economía hiperinflacionaria -- Participaciones en Negocios Conjuntos -- Instrumentos Financieros: Presentación -- Ganancias por Acción -- Información financiera intermedia -- Deterioro del valor de los activos -- Provisiones, pasivos contingentes y activos contingentes -- Activos intangibles -- Instrumentos financieros:Reconocimiento y medición -- Propiedades de Inversión -- Agricultura -- Asociación por promera vez de las normas internacionales de información financiera -- Pagos basados en acciones -- Combinaciones de negocio -- Contratos de seguro -- Activos no corrientes mantenidos para la venta y operaciones discontinuadas.-Exploración y evaluación de recursos minerales -- Instrumentos y evaluación de recursos minerales -- Instrumentos financieros: Información a revelar -- Segmentos de operación.
526 _aP203
526 _aP200
526 _aSEG65
526 _aSEG64
526 _aSEG63
526 _aSEG62
526 _aSEG61
526 _aSEG60
526 _aSEG59
526 _aSEG58
526 _aSEG57
526 _aSEG56
526 _aSEG55
526 _aSEG54
526 _aSEG53
526 _aSEG52
526 _aSEG51
526 _aSEG50
526 _aSEG49
526 _aSEG48
526 _aSEG47
526 _aSEG46
526 _aSEG24
526 _aSEG23
526 _aSEG22
526 _aSEG21
526 _aSEG20
526 _aSEG19
526 _aSEG18
526 _aSEG17
526 _aSEG16
526 _aSEG14
526 _aSEG13
526 _aSEG12
526 _aSEG11
526 _aSEG10
526 _aSEG09
526 _aSEG06
526 _aSEG05
526 _aSEG04
526 _aSEG03
526 _aSEG02
526 _aSEG68
526 _aSEG66
526 _aSEG45
526 _aSEG25
526 _aSEG01
526 _aP163
526 _aP162
526 _aP161
526 _aP160
526 _aP159
526 _aP158
526 _aP157
526 _aP156
526 _aP155
526 _aP154
526 _aP153
526 _aP152
526 _aP151
526 _aP150
526 _aP149
526 _aP142
526 _aP141
526 _aP140
526 _aP139
526 _aP138
526 _aP137
526 _aP132
526 _aP131
526 _aP130
526 _aP126
526 _aP125
526 _aP124
526 _aP123
526 _aP115
526 _aP122
526 _aP121
526 _aP116
526 _a P114
526 _aP112
526 _aP111
526 _aP104
526 _aP103
526 _aP102
526 _aP101
526 _aP100
526 _aP96
526 _aP95
526 _aP93
526 _aP92
526 _aP91
526 _aP88
526 _aP83
526 _aP82
526 _aP79
526 _aP78
526 _aP75
526 _aP74
526 _aP71
526 _aP69
526 _a P51
526 _aP49
526 _aP48
526 _aP47
526 _aP33
526 _aP31
526 _a P30
526 _aP29
526 _aP27
526 _aP26
526 _aP25
526 _aP24
526 _a P22
526 _aP10
526 _aP09
526 _a P08
526 _aP06
526 _aP05
526 _aP04
526 _aP01
541 _g001-000072;
650 1 4 _aContabilidad
_xNormas
_xInterpretación y aplicación.
_93707
650 2 4 _aAdministración financiera.
_93709
910 _agl
_cbd
_d20131022
910 _btqv
_cwelc
_d20170424
942 _2ddc
_cBOOK
949 _a657.0218 A93
_wDEWEY
_c1
_i68719
_lCCODEBUL1
_mBUL
_p58.00
_r0
_sY
_tBOOK
_u2015-7-6
_xFCE
_PP08
_o.STAFF. Colección Ciencias Empresariales
949 _a657.0218 A93 2011
_wDEWEY
_c1
_iFJ07677
_lCCODEBUJ1
_mBUJ
_p60.00
_r0
_sY
_tBOOK
_u2017-04-24
_xFCE
_PP08
_0COMPRA
_o.STAFF. Colección General Juliaca
994 _aC0
_bPEPRU
596 _a1 3
999 _a657.0218 A93
_wDEWEY
_c55965
_i68719
_d55965
_e2017-10-31
_f2021-11-5
_g6
_lCCODEBUL1
_mBUL
_n6
_p58.00
_q5
_r0
_sY
_tBOOK
_u2015-7-6
_xFCE
_zP08
_0COMPRA
_o.STAFF. Colección Ciencias Empresariales
999 _a657.0218 A93 2011
_wDEWEY
_c1
_iFJ07677
_d2019-10-4
_e2019-5-22
_f2022-1-26
_g4
_lCCODEBUJ1
_mBUJ
_n13
_p60.00
_q25
_r0
_sY
_tBOOK
_u2015-12-7
_xFCE
_PP08
_0COMPRA
_o.STAFF. Colección general Juliaca
980 _81
_gALBERTO SANCHEZ Responsable de Automatización